Countries beginning with S - Statistics

General Stats
  • This quiz has been taken 50 times
  • The average score is 23 of 28
Answer Stats
Location Answer % Correct
Scandinavia Sweden
96%
Southern Africa South Africa
91%
Middle East Syria
91%
Caribbean Saint Kitts and Nevis
89%
UK Scotland
89%
East Africa Somalia
89%
East Asia South Korea
87%
Europe Spain
87%
South America Suriname
87%
Central Europe Switzerland
87%
Balkans Serbia
84%
Southeast Asia Singapore
84%
Europe Slovakia
84%
North Africa South Sudan
84%
Caribbean Saint Lucia
82%
Caribbean Saint Vincent and the Grenadines
82%
Europe San Marino
82%
Balkans Slovenia
82%
Middle East Saudi Arabia
80%
North Africa Sudan
80%
West Africa Senegal
76%
South Asia Sri Lanka
76%
Oceania Samoa
73%
Southern Africa (Eswatini) Swaziland
73%
East Africa Seychelles
71%
West Africa Sierra Leone
71%
Central Africa Sao Tome and Principe
67%
Oceania Solomon Islands
64%
No matching quizzes found
Score Distribution
Percent of People with Each Score
Percentile by Number Answered
Your Score History
You have not taken this quiz